000
00218nam a22000857a 4500
008
170220b xxu||||| |||| 00| 0 eng d
100
_9
2925
_a
Sachdeva.C.B.
245
_a
Macro Economics-XII
260
_a
New delhi
_b
G.P.H.
_c
2010
999
_c
6166
_d
6166